000 00584nam a2200181Ia 4500
001 20819
005 20260306172833.0
008 260306t2024||||xx |||||||||||||| ||spa||
041 _aESP
082 _a343.8
_bCH534N
100 _aChávez Hurtado, Joaquín,
_eAUT
245 0 _aNuevas reglas de bancarización y sustento de operaciones para el impuesto a la renta y el IGV ; Tratamiento tributario de los financiamientos :
_bimpuesto a la renta y el IGV
260 _c2024
300 _a56, 56 páginas :
_c24 cm.
650 _aGEN
654 _aCDE
942 _cLIB
_dJUS
_fJUS
_2ddc
_n
999 _c20819
_d20819